ბათუმის შოთა რუსთაველის სახელმწიფო უნივერსიტეტის ბიბლიოთეკა

სიცოცხლე და უკვდავება (ბიბ.ჩანაწერი № 49990)

000 -LEADER
fixed length control field 00954nam a2200229Ia 4500
001 - CONTROL NUMBER
control field 16927
003 - CONTROL NUMBER IDENTIFIER
control field GE_BSU
008 - FIXED-LENGTH DATA ELEMENTS--GENERAL INFORMATION
fixed length control field 181216s||||||||xx |||||||||||||| ||und||
040 ## - CATALOGING SOURCE
Transcribing agency GE_BSU
080 ## - UNIVERSAL DECIMAL CLASSIFICATION NUMBER
Universal Decimal Classification number 37.01(479.22)
100 ## - MAIN ENTRY--PERSONAL NAME
Personal name დევდარიანი, კლავდია
245 ## - TITLE STATEMENT
Title სიცოცხლე და უკვდავება
245 ## - TITLE STATEMENT
Remainder of title იაკობ გოგებაშვილის ცხოვრებისა და მოღვაწეობის შესახებ
245 ## - TITLE STATEMENT
Statement of responsibility, etc. რედ. მ.სოხაძე
260 ## - PUBLICATION, DISTRIBUTION, ETC.
Place of publication, distribution, etc. თბილისი
260 ## - PUBLICATION, DISTRIBUTION, ETC.
Name of publisher, distributor, etc. ნაკადული
260 ## - PUBLICATION, DISTRIBUTION, ETC.
Date of publication, distribution, etc. 1970
300 ## - PHYSICAL DESCRIPTION
Extent 131გვ. ; 20სმ.
653 ## - INDEX TERM--UNCONTROLLED
Uncontrolled term იაკობ გოგებაშვილის ცხოვრებისა და მოღვაწეობის შესახებ
653 ## - INDEX TERM--UNCONTROLLED
Uncontrolled term სიცოცხლე და უკვდავება
942 ## - ADDED ENTRY ELEMENTS (KOHA)
Koha item type წიგნი
ეგზემპლარები
Withdrawn status Lost status Damaged status Not for loan Date acquired Barcode Date last seen Price effective from Koha item type
        2018-12-17 22001 2018-12-17 2018-12-17 წიგნი
        2018-12-17 22002 2018-12-17 2018-12-17 წიგნი
        2018-12-17 22003 2018-12-17 2018-12-17 წიგნი
        2018-12-17 22004 2018-12-17 2018-12-17 წიგნი
        2018-12-17 22005 2018-12-17 2018-12-17 წიგნი